Reformado de CH4 con CO2 : caracterización fisicoquímica de catalizadores CeOx-Pd/a-Al2O3 /

Guardado en:
Otros Autores: Costilla, Ignacio O. (Disertante), Gigola, Carlos Eugenio. (Orientador), Sánchez, Miguel D. (Orientador)
Formato: Manuscrito
Idioma:Spanish
Publicado: 2012.
Materias:
Acceso en línea:Texto completo
Etiquetas: Agregar Etiqueta
Sin Etiquetas, Sea el primero en etiquetar este registro!
LEADER 01248ntm a22002655a 4500
001 EIQ.libpla004272
008 120801s2012####ag#######bm###000#0#spa#d
005 20140225151103.0
245 1 0 |a Reformado de CH4 con CO2 :  |b caracterización fisicoquímica de catalizadores CeOx-Pd/a-Al2O3 /  |c Ignacio O. Costilla. 
260 |c 2012. 
300 |c 21 cm. 
500 |a "Tesis de Doctor en Ingeniería Química". 
500 |a Directores de tesis: Carlos E. Gigola y Miguel D. Sánchez. 
502 |a Tesis (doctoral)--Universidad Nacional del Sur. Departamento de Ingeniería Química, 2012. 
530 |a Disponible también en formato digital. 
504 |a Incluye referencias bibliográficas. 
100 1 |a Costilla, Ignacio O.  |4 dis 
700 1 |a Gigola, Carlos Eugenio.  |4 ths 
700 1 |a Sánchez, Miguel D.  |q (Miguel Darío)  |4 ths 
710 2 |a Universidad Nacional del Sur.  |b Departamento de Ingeniería Química  |4 dgg. 
082 0 4 |a 541.395  |2 21 
650 7 |a Catalizadores metálicos  |x Gas natural  |x Metano  |x Reformado catalítico 
650 7 |a Metallic catalysts  |x Natural gas  |x Methane  |x Catalytic reforming 
856 4 1 |3 Texto completo  |u http://tesis.uns.edu.ar/tde%5Fbusca/arquivo.php?codArquivo=620 
859 |a AR-BbSID  |b BIB. PLAPIQUI  |h 541.395  |i C82  |p 6258